<?xml version="1.0" encoding="UTF-8"?>
<marc:record xmlns:marc="http://www.loc.gov/MARC21/slim">
   <marc:leader>00000nam a2200000 a 4500</marc:leader>
   <marc:datafield ind1="1" ind2=" " tag="100">
      <marc:subfield code="a">Delafosse, Claude</marc:subfield>
   </marc:datafield>
   <marc:datafield ind1="1" ind2=" " tag="100">
      <marc:subfield code="a">Grant, Donald</marc:subfield>
   </marc:datafield>
   <marc:datafield ind1=" " ind2=" " tag="653">
      <marc:subfield code="a">s||Zählen</marc:subfield>
   </marc:datafield>
   <marc:datafield ind1=" " ind2=" " tag="653">
      <marc:subfield code="a">f||Sachbilderbuch</marc:subfield>
   </marc:datafield>
   <marc:datafield ind1=" " ind2=" " tag="653">
      <marc:subfield code="a">Zahlen</marc:subfield>
   </marc:datafield>
   <marc:datafield ind1="0" ind2="0" tag="245">
      <marc:subfield code="a">Die Zahlen</marc:subfield>
   </marc:datafield>
   <marc:datafield ind1="0" ind2="0" tag="245">
      <marc:subfield code="c">mit Bildern von Donald Grant. Ausgedacht von Claude Delafosse ...</marc:subfield>
   </marc:datafield>
   <marc:datafield ind1=" " ind2="1" tag="264">
      <marc:subfield code="a">Mannheim</marc:subfield>
      <marc:subfield code="b">Meyers Lexikonverl.</marc:subfield>
      <marc:subfield code="c">1994</marc:subfield>
   </marc:datafield>
   <marc:datafield ind1="1" ind2=" " tag="490">
      <marc:subfield code="a">Meyers kleine Kinderbibliothek ; 27</marc:subfield>
   </marc:datafield>
   <marc:datafield ind1="1" ind2=" " tag="520">
      <marc:subfield code="a">Hübsch gemachter Band zum Erkennen und Zählen im Zahlenraum von 0-9 mit einer abschliessenden Doppelseite, die an Hand eines naturkundlichen Sammelsuriums die Zahlen von 10-21 nachzählbar macht. Die bei uns als Skarabäen bekannten geschnitzten Käfer als schnöde Mistkäfer bezeichnet zu sehen, wird manche LeserIn irritieren. Der Pfiff des Buches liegt in den teiltransparenten Seiten, mit denen Effekte auf einigen der Doppelseiten erzielt werden. Einer Seite mit einer gross geschriebenen Zahl und einer kurzen Aussage, in dem das jeweilige Zahlwort fett hervorgehoben ist, steht jeweils eine Abbildung gegenüber, die Tiere in entsprechender Zahl in ihrem Lebensraum zeigt. Meist ist es die freie Natur, aber auch ein entschieden überbevölkertes Goldfischglas wird einbezogen. - Neben "Ich kenn die Zahlen ganz genau" (BA 12/92) und "Zu meiner Welt gehören Zahlen" (BA 1/91) in allen (Schul-)Bibliotheken möglich.</marc:subfield>
   </marc:datafield>
   <marc:datafield ind1=" " ind2=" " tag="020">
      <marc:subfield code="a">3411087013</marc:subfield>
      <marc:subfield code="9">3411087013</marc:subfield>
   </marc:datafield>
   <marc:datafield ind1=" " ind2=" " tag="500">
      <marc:subfield code="a">Aus dem Franz. übers.</marc:subfield>
   </marc:datafield>
   <marc:datafield ind1=" " ind2=" " tag="300">
      <marc:subfield code="a">[18] Bl. : überw. Ill. (farb.)</marc:subfield>
   </marc:datafield>
</marc:record>
